Approche rythmique, intonative et expressive du francais langue etrangere : sketches - exercises - illustrations - photos - cartes d'expression
Αποθηκεύτηκε σε:
| Κύριος συγγραφέας: | |
|---|---|
| Άλλοι συγγραφείς: | |
| Μορφή: | Βιβλίο |
| Γλώσσα: | French |
| Δημοσίευση: |
Paris :
Cle International,
1975
|
| Θέματα: | |
| Ετικέτες: |
Προσθήκη ετικέτας
Δεν υπάρχουν, Καταχωρήστε ετικέτα πρώτοι!
|
MARC
| LEADER | 00000nam a2200000 i 4500 | ||
|---|---|---|---|
| 001 | 1/76654 | ||
| 008 | 971201s1975 fre d | ||
| 035 | |a 1989 |b 1 |c Χριστοδουλίδου |l 10032464 | ||
| 040 | |a GR-MY-UA |b gre |e aacr | ||
| 041 | 0 | |a fre | |
| 082 | 0 | |a 448 | |
| 100 | 1 | |a Calbris, Genevieve. | |
| 245 | 1 | 0 | |a Approche rythmique, intonative et expressive du francais langue etrangere : |b sketches - exercises - illustrations - photos - cartes d'expression / |c Genevieve Calbris, Jacques Montredon |
| 260 | |a Paris : |b Cle International, |c 1975 | ||
| 300 | |a 77 σ.; |c 26 εκ. | ||
| 650 | 0 | 0 | |a French language |x Study and teaching |x Audio-visual aids. |
| 700 | 1 | |a Montredon, Jacques. | |
| 852 | |a INST |b RHODES |e 19971201 |h 448 CAL |p 005400008473 |q 005400008473 |t BK |y 0 | ||
| 852 | |a INST |b RHODES |e 20010124 |h 448 CAL reel |p 005400017602 |q 005400017602 |t BK |y 0 | ||
| 909 | |a Ρ |b 013767 |c 1989 | ||
| 922 | |a 4ΕΛΗ |b 198901 | ||
| 970 | |z 2000/09/ΣΟΦΙΑ | ||